The embattled colossus : Economic nationalism and United States investors in Latin America

Bewaard in:
Bibliografische gegevens
Hoofdauteur: Swansbrough, Robert H.
Formaat: Boek
Taal:Undetermined
Gepubliceerd in: Gainesville University Presses of Florida 1976
Onderwerpen:
Tags: Voeg label toe
Geen labels, Wees de eerste die dit record labelt!
Thư viện lưu trữ: Trung tâm Học liệu Trường Đại học Cần Thơ
LEADER 00582nam a2200193Ia 4500
001 CTU_82130
008 210402s9999 xx 000 0 und d
082 |a 332.673 
082 |b S972 
100 |a Swansbrough, Robert H. 
245 4 |a The embattled colossus : 
245 0 |b Economic nationalism and United States investors in Latin America 
245 0 |c Robert H. Swansbrough 
260 |a Gainesville 
260 |b University Presses of Florida 
260 |c 1976 
650 |a Investments 
904 |i Trọng Hải 
980 |a Trung tâm Học liệu Trường Đại học Cần Thơ